01125nam a2200193 4500003000900000020001800009040002800027082002000055110005400075245006700129260008000196300002400276490010300300500017700403520018800580650005100768650006200819650005000881CO-ViMGA a9789587850550 aCO-ViMGAbspacCO-ViMGA04a793.3 D15bD15  aInstitución Educativa San José (Guapi, Cauca)10aDanzas guapireñas / cComunidad Educativa de Guapí (Cauca) aBogotá :bMinisterio de Educación NacionalbMinisterio de Culturac2017 a47 p. : bil. color aPlan Nacional de Lectura y Escritura Leer es mi CuentoaRío de letras. Territorios narrados ; 27 aColección de actualización bibliográfica para la Red de Bibliotecas Públicas del Ministerio de Cultura, Plan Nacional de Lectura y Escritura Leer es mi cuento, 2018 aEl libro reseña y explica cómo se ejecutan ocho bailes tradicionales que dan cuenta de los oficios y las fiestas de los antiguos habitantes de Guapi... Tomado de la contracubierta14aDanzas folcloricaszGuapi (Nariño, Colombia)14aDanzas populares y nacionaleszGuapi (Nariño, Colombia)14aMemoria colectivazGuapi (Nariño, Colombia)